|
|
|
|
| LEADER |
01009nam a2200217 a 4500 |
| 001 |
473517 |
| 008 |
100322r1999 ii a 000 0 eng d |
| 020 |
|
|
|a 8121908159
|
| 040 |
|
|
|a TXR
|c TXR
|d IRU
|d WaOLN
|c BD-DhAAL
|
| 082 |
0 |
0 |
|a 539/.1
|2 21
|
| 100 |
1 |
|
|a Mathur, D. S.
|
| 245 |
1 |
0 |
|a Elements of properties of matter, with typical numericals solved :
|b for degree classes /
|c by D.S. Mathur.
|
| 260 |
|
|
|a New Delhi :
|b Shyam Lal Charitable Trust ,
|c 1999 [reprinted].
|
| 300 |
|
|
|a xi, 580 p. :
|b ill. ;
|c 24 cm.
|
| 541 |
1 |
|
|e 00011929
|
| 650 |
|
0 |
|a Matter
|x Properties.
|
| 740 |
0 |
|
|a Properties of matter.
|
| 852 |
4 |
|
|a Ayesha Abed Library
|j General Shelf
|
| 999 |
|
|
|c 7848
|d 7848
|
| 952 |
|
|
|0 0
|1 0
|2 ddc
|4 0
|6 539_100000000000000_MAT
|7 0
|9 8774
|a BRACUL
|b BRACUL
|c GEN
|d 2010-03-24
|g 183.00
|l 2
|m 2
|o 539.1 MAT
|p 3010011929
|r 2012-05-01
|s 2012-01-18
|t 1
|w 2010-03-24
|y BK
|x RS-150.00
|
| 952 |
|
|
|0 0
|1 0
|2 ddc
|4 0
|6 539_100000000000000_MAT_2000
|7 0
|9 13014
|a BRACUL
|b BRACUL
|c GEN
|d 2010-11-02
|l 1
|o 539.1 MAT
|p 3010011814
|r 2011-03-24
|s 2011-03-21
|t 2
|w 2010-11-02
|y BK
|